15 principales países con muertes de Covid-19; 21 septiembre - Estadísticas

Estadísticas generales
  • Esta prueba ha sido intentada 7 veces
  • La puntuación promedio es 16 de 20
Estadísticas de respuestas
país % Correcto
Argentina
100%
Brasil
100%
España
100%
Estados Unidos
100%
Francia
100%
Italia
100%
México
100%
Reino Unido
100%
Rusia
100%
Colombia
83%
Perú
83%
Bolivia
67%
Chile
67%
Ecuador
67%
India
67%
Irán
67%
Panamá
67%
Sudáfrica
67%
Bélgica
50%
Suecia
50%
No se encontraron pruebas coincidentes
Distribución de puntuación
Porcentaje de gente con cada puntuación
Porcentaje por número respondido
Historial de tus puntuaciones
No has intentado esta prueba.